| 000 | 00816 a2200217 4500 | ||
|---|---|---|---|
| 003 | Nust | ||
| 005 | 20221215141959.0 | ||
| 010 | _a 75021892 | ||
| 020 | _a0879490535 : | ||
| 040 | _cNust | ||
| 082 | 0 | 0 | _a133.54, FRE |
| 100 | 1 |
_aFregly, Bert, _9104984 |
|
| 245 | 1 | 0 |
_aHow to cast your own horoscope / _cby Bert Fregly. |
| 250 | _a1st ed. | ||
| 260 |
_aPort Washington, N.Y. : _bAshley Books, _cc1976. |
||
| 300 |
_axiv,298 p. ; _bill. ; _c29 cm. |
||
| 505 | _aIntroduction Of Astrology (Page-22), Sign Of The Zodiac (Page-55), Planets In Our Solar System (Page-93), Casting The Horoscope (Page-123), Major Aspects (Page-173), Reading The Horoscope (Page-202), Reading The Chart (Page-209), Progressed Aspects (Page-234). | ||
| 650 | 0 |
_aAstrology. _946383 |
|
| 650 | 0 |
_aHoroscopes. _9104985 |
|
| 942 |
_2ddc _cBK |
||
| 999 |
_c188512 _d188512 |
||